|
|
|
|
| LEADER |
00000naa2a2200000 4500 |
| 001 |
209066 |
| 005 |
20231031191629.0 |
| 035 |
|
|
|a (RuTPU)RU\TPU\book\228368
|
| 035 |
|
|
|a RU\TPU\book\228367
|
| 090 |
|
|
|a 209066
|
| 100 |
|
|
|a 20120209d1978 k y0rusy50 ca
|
| 101 |
0 |
|
|a rus
|
| 102 |
|
|
|a RU
|
| 200 |
1 |
|
|a Выбор и испытание светофильтров, предназначенных для защиты глаз от импульсного монохроматического излучения
|f Г. И. Каданер, Б. В. Овчинников
|
| 225 |
1 |
|
|a Разные сообщения
|
| 320 |
|
|
|a Библиогр.: с. 250 (9 назв.)
|
| 461 |
|
0 |
|0 (RuTPU)RU\TPU\book\226521
|t Импульсная фотометрия
|o [сборник статей]
|f Государственный оптический институт им. С. И. Вавилова ; под ред. А. А. Волькенштейна
|d 1969-1986
|
| 463 |
|
0 |
|0 (RuTPU)RU\TPU\book\227773
|t Вып. 5
|v С. 247-250
|d 1978
|p 264 с.
|
| 700 |
|
1 |
|a Каданер
|b Г. И.
|
| 701 |
|
1 |
|a Овчинников
|b Б. В.
|
| 801 |
|
1 |
|a RU
|b 63413507
|c 20120206
|
| 801 |
|
2 |
|a RU
|b 63413507
|c 20120209
|g RCR
|
| 942 |
|
|
|c BK
|